| 000 | 01155nac a22003497a 4500 | ||
|---|---|---|---|
| 001 | BR8005363 | ||
| 003 | BR-BrBNA | ||
| 005 | 20240105114759.0 | ||
| 008 | 230509b bl.|||m| |||| 00| 0 por d | ||
| 040 |
_aBR-BrBNA _bpor _cBiblioteca Nacional de Agricultura |
||
| 072 | _aE15; E70 | ||
| 090 | _a0120 BR8005363 | ||
| 100 | 1 | _aCosta, W. | |
| 100 | 1 | _aMuniz, N.R.M. | |
| 100 | 1 | _aSantos, J.V. | |
| 110 | 1 |
_aFundacao Comissao Estadual de Planejamento Agricola do Espirito Santo, Vitoria (Brasil) _94825 |
|
| 245 | 1 | _aProducao de milho no Espirito Santo, dados estatisticos [analise economica, Brasil] | |
| 260 | 3 |
_aVitoria, ES (Brasil): _c1980. |
|
| 300 | _a57 p. | ||
| 490 |
_aEstatisticas Agropecuarias - Fundacao Comissao Estadual de Planejamento Agricola do Espirito Santo (Brazil) _vno. 1 _x |
||
| 500 | _a14 ref.; 20 tables; Numerical data | ||
| 650 | _aMILHO | ||
| 650 | _aRENDIMENTO | ||
| 650 | _aPRECO | ||
| 650 | _aCREDITO | ||
| 650 | _aANALISE ECONOMICA | ||
| 650 | _aFINANCIAMENTO | ||
| 650 | _aCUSTO DE PRODUCAO | ||
| 650 | _aESPIRITO SANTO | ||
| 909 |
_a202312 _bLúcia Elande _c55 _dLúcia Elande |
||
| 942 |
_2AGRIS _n0 _cMS |
||
| 999 |
_c271261 _d271261 |
||